000 00701cab a2200205 4500
001 ABS38827
008 090401t1988 xxu||||| |||| 00| 0 eng d
035 _a(Sirsi) u12592
041 _aeng
100 _aGarbett, C.
245 _aLocal authority property management systems
260 _c1988
350 _a0
490 _aEstates Gazette
_v(8805) 6 February 1988, 28-30(2)
520 _aReviews options to be considered when choosing a property management system for use in local authority estate departments. Considers size, complexity, user friendliness, support and information sources.
650 _aCOMPUTERS
690 _aPRACTICE AND TECHNIQUES
942 _n0
948 _c04/03/1997
999 _c8048
_d8048